000 00743cam a2200289 i 4500
001 0000857
003 DO-SdBNP
005 20240807094650.0
007 0000857
008 100514s 2007 sp a | |||| 000 f spa
015 _a
017 _a
_b
020 _a846620010X
035 _a
040 _aBPMSU
_bspa
_cBPMSU
_e
080 _a
082 4 _a863.3
_bF587H 2007
_222
245 0 3 _aEl flautista de Hamelín
_h
260 _aMadrid, España :
_bLibsa,
_c2007.
300 _a[16] p.:
_bil. ;
_c24 cm.
490 0 _aEsmeralda
590 _aInventariado, 2024/VM
650 4 _aCuentos infantiles españoles
650 4 _aLibros infantiles ilustrados
910 _aVMateo V. Control de calidad. BPMSU
942 _2ddc
_cBK
999 _c12234
_d12234